000 00630nam a2200181Ia 4500
003 GCL
008 140319s9999 xx 000 0 ara d
040 _aGCL /
_cGCL
082 0 4 _a863
_bم س
100 1 _aمحمد عبدالمنعم جلال (مترجم)
245 1 0 _aسيمون بوليفار او الجنرال فى المتاهة /
_cمحمد عبدالمنعم جلال (مترجم)
700 1 _aماركيز ، جابرييل جارسيا
300 _a271 ص
490 _aالالف كتاب الثانى
_v0
650 0 4 _aالادب الاسبانى
650 0 4 _aالقصة الاسبانية
942 _2ddc
_cBK
999 _c50123
_d50123